|
|
|
|
| LEADER |
02456nas a2200517 a 4500 |
| 001 |
c000152930 |
| 003 |
CARM |
| 005 |
20020205155248.0 |
| 008 |
820726c19819999fr qrzp 0uuub0fre d |
| 010 |
|
|
|a sc 82004331
|
| 019 |
1 |
|
|a 2383198
|5 LACONCORD2021
|
| 022 |
|
|
|a 0246-0831
|y 0249-7026
|
| 030 |
|
|
|a RITPEF
|
| 035 |
|
|
|a (OCoLC)8631325
|5 LACONCORD2021
|
| 040 |
|
|
|d VMOU
|
| 041 |
0 |
|
|a engfre
|
| 042 |
|
|
|a lc
|a nsdp
|
| 060 |
0 |
|
|a W1 RE899LA
|
| 210 |
0 |
|
|a Rev. int. trach. pathol. ocul. trop. subtrop. sante publique
|
| 222 |
0 |
0 |
|a Revue internationale du trachome et de pathotogie oculaire tropicale et subtropicule et de sante publique
|
| 245 |
0 |
0 |
|a Revue internationale du trachome et de pathologie oculaire tropicale et subtropicale et de sante publique :
|b organe de la Ligue contre le trachome avec la collaboration de l'International Organization Against Trachoma et des organisations nationales et internationales de sante publique.
|
| 260 |
0 |
0 |
|a Annonay, France :
|b Laboratoires H. Faure,
|c 1981-
|
| 300 |
|
|
|a v. :
|b ill.
|
| 310 |
|
|
|a Quarterly
|
| 362 |
0 |
|
|a 58e annee, nouv. ser., no 1-2-
|
| 500 |
|
|
|a Title from cover.
|
| 510 |
1 |
|
|a Excerpta medica
|
| 510 |
2 |
|
|a Biological abstracts
|x 0006-3169
|b 1984-
|
| 510 |
2 |
|
|a Life Sciences collection
|b 1985-
|
| 546 |
|
|
|a Articles in English or French; summaries in English and French.
|
| 650 |
|
2 |
|a Ophthalmology
|x Periodicals.
|
| 650 |
|
2 |
|a Public health
|x Periodicals.
|
| 650 |
|
2 |
|a Trachoma
|x Periodicals.
|
| 650 |
|
0 |
|a Trachoma
|x Periodicals.
|
| 710 |
2 |
0 |
|a International Organization against Trachoma.
|
| 710 |
2 |
0 |
|a Ligue contre le trachome.
|
| 780 |
0 |
0 |
|t Revue internationale du trachome et de pathologie oculaire tropicale et subtropicale
|x 0249-7026
|w (OCoLC)3338267
|
| 852 |
8 |
|
|b CARM
|h A2:AK22D0
|i C03827
|p 0196916
|f SE
|
| 852 |
8 |
|
|b CARM
|h A2:AK22D0
|i C03828
|p 0196917
|f SE
|
| 852 |
8 |
|
|b CARM
|h A2:AI35B0
|i B04347
|p 0200028
|f SE
|
| 866 |
|
0 |
|a 58:1(1981)-71(1994)
|
| 866 |
|
0 |
|a 58:1(1981)-71(1994)
|
| 999 |
f |
f |
|i 7c0bb102-56b0-5cf5-b407-eef0c03bbf58
|s 64c2d202-f875-5db3-b3b8-b98bb2200baa
|
| 952 |
f |
f |
|p Can circulate
|a CAVAL
|b CAVAL
|c CAVAL
|d CARM 1 Store
|e C03828
|f A2:AK22D0
|h Other scheme
|i book
|k 65:1(1988)-68(1991)
|m 0196917
|
| 952 |
f |
f |
|p Can circulate
|a CAVAL
|b CAVAL
|c CAVAL
|d CARM 1 Store
|e B04347
|f A2:AI35B0
|h Other scheme
|i book
|k 69(1992)-71(1994)
|m 0200028
|
| 952 |
f |
f |
|p Can circulate
|a CAVAL
|b CAVAL
|c CAVAL
|d CARM 1 Store
|e C03827
|f A2:AK22D0
|h Other scheme
|i book
|k 58:1(1981)-64:4(1987)
|m 0196916
|